[Event "FRA-ch Seniors"]
[Site "Nancy"]
[Date "2013.08.19"]
[Round "7"]
[White "Goldenberg, Richard"]
[Black "Dubreuil, Remy"]
[Result "1-0"]
[WhiteElo "2301"]
[BlackElo "1817"]
[PlyCount "37"]
[EventDate "2013.08.11"]
[EventType "swiss"]
[EventRounds "11"]
[EventCountry "FRA"]
[SourceTitle "CBM 156 Extra"]
[Source "ChessBase"]
[SourceDate "2013.10.22"]
[SourceVersion "1"]
[SourceVersionDate "2013.10.22"]
[SourceQuality "1"]

1. Nf3 d5 2. c4 Nf6 3. cxd5 Qxd5 4. Nc3 Qa5 5. d4 c6 6. Bd2 e6 7. e4 Qd8 8. e5 Nd5 9. Bd3 h6 10. 0-0 Be7 11. Re1 b6 12. Rc1 Ba6 13. Bb1 Bb7 14. Qe2 Nd7 15. Qe4 c5 16. Qg4 g5 17. Qh5 Nf4 18. Bxf4 gxf4 19. d5 1-0

[Event "Bordeaux City-ch"]
[Site "Bordeaux"]
[Date "2013.05.12"]
[Round "8"]
[White "Favarel, Antoine"]
[Black "Dubreuil, Remy"]
[Result "1-0"]
[WhiteElo "2370"]
[BlackElo "1829"]
[PlyCount "67"]
[EventDate "2013.05.08"]
[EventType "swiss"]
[EventRounds "9"]
[EventCountry "FRA"]
[SourceTitle "CBM 154 Extra"]
[Source "ChessBase"]
[SourceDate "2013.06.25"]
[SourceVersion "2"]
[SourceVersionDate "2013.06.25"]
[SourceQuality "1"]

1. d4 Nf6 2. c4 e6 3. g3 d5 4. Nf3 Bb4+ 5. Bd2 Be7 6. Bg2 0-0 7. 0-0 c6 8. Qc2 Nbd7 9. Bf4 Nh5 10. Bc1 Nhf6 11. Nbd2 Nb6 12. b3 a5 13. a3 Bd7 14. Bb2 a4 15. b4 Nc8 16. c5 b5 17. cxb6 Nxb6 18. Ne5 Rc8 19. e4 Be8 20. Rac1 h6 21. f3 Qc7 22. Nd3 Qa7 23. e5 Nh7 24. f4 g6 25. g4 Kh8 26. Kh1 Bd7 27. Nc5 Rg8 28. Rg1 Rgf8 29. Bf3 Bh4 30. Rg2 Rg8 31. Be2 Be8 32. Bd3 Qe7 33. Rcg1 Bd7 34. Nf3 1-0

[Event "FRA-ch Seniors"]
[Site "Pau"]
[Date "2012.08.19"]
[Round "6"]
[White "Dubreuil, Remy"]
[Black "Fayolle, Guy"]
[Result "1-0"]
[WhiteElo "1854"]
[BlackElo "1781"]
[PlyCount "65"]
[EventDate "2012.08.14"]
[EventType "swiss"]
[EventRounds "11"]
[EventCountry "FRA"]
[SourceTitle "EXT 2013"]
[Source "ChessBase"]
[SourceDate "2012.11.22"]
[SourceVersion "1"]
[SourceVersionDate "2012.11.22"]
[SourceQuality "1"]

1. d4 Nf6 2. c4 g6 3. Nc3 Bg7 4. e4 d6 5. Nf3 0-0 6. Be2 e5 7. d5 Nbd7 8. 0-0 Nc5 9. Qc2 a5 10. Be3 b6 11. Nd2 Ng4 12. Bxg4 Bxg4 13. f3 Bd7 14. a3 a4 15. b4 axb3 16. Nxb3 Nxb3 17. Qxb3 f5 18. Nb5 f4 19. Bd2 Bf6 20. Be1 h5 21. Kh1 g5 22. g3 g4 23. gxf4 exf4 24. Bc3 Bxb5 25. cxb5 Bxc3 26. Qxc3 Qe7 27. Rae1 Kh7 28. e5 Qg7 29. Qc2+ Kh6 30. exd6 cxd6 31. Re6+ Rf6 32. Qf5 Qg6 33. Rxf6 1-0

[Event "FRA-ch Seniors"]
[Site "Caen"]
[Date "2011.08.18"]
[Round "3"]
[White "Dubreuil, Remy"]
[Black "Goldenberg, Richard"]
[Result "0-1"]
[WhiteElo "1895"]
[BlackElo "2320"]
[PlyCount "54"]
[EventDate "2011.08.16"]
[EventType "swiss"]
[EventRounds "11"]
[EventCountry "FRA"]
[SourceTitle "CBM 144 Extra"]
[Source "ChessBase"]
[SourceDate "2011.10.28"]
[SourceVersion "1"]
[SourceVersionDate "2011.10.28"]
[SourceQuality "1"]

1. Nf3 g6 2. d4 d5 3. e3 Bg7 4. c4 Nf6 5. Nc3 0-0 6. cxd5 Nxd5 7. e4 Nxc3 8. bxc3 c5 9. Be3 Nc6 10. Qd2 Qa5 11. Rc1 cxd4 12. cxd4 Qxd2+ 13. Kxd2 Rd8 14. Rc4 Bg4 15. Kc3 Rac8 16. Kd2 Bxf3 17. gxf3 Bxd4 18. Bxd4 Nxd4 19. Rxc8 Rxc8 20. f4 Kg7 21. h4 Rc5 22. Rh3 Ra5 23. a3 Ne6 24. Rf3 Ra4 25. f5 Nc5 26. fxg6 hxg6 27. Bb5 Ra5 0-1

[Event "FRA-ch Veterans"]
[Site "Pau"]
[Date "2008.08.16"]
[Round "5"]
[White "Dubreuil, Remy"]
[Black "Peyrin, Jean"]
[Result "1/2-1/2"]
[WhiteElo "1957"]
[BlackElo "1980"]
[PlyCount "41"]
[EventDate "2008.08.11"]
[EventType "swiss"]
[EventRounds "9"]
[EventCountry "FRA"]
[SourceTitle "CBM 126 Extra"]
[Source "ChessBase"]
[SourceDate "2008.11.05"]
[SourceVersion "1"]
[SourceVersionDate "2008.11.05"]
[SourceQuality "1"]

1. e4 c5 2. c3 Nf6 3. e5 Nd5 4. d4 cxd4 5. Nf3 e6 6. cxd4 b6 7. Nc3 Nxc3 8. bxc3 Qc7 9. Bd2 d5 10. Bd3 Be7 11. Qc2 h6 12. h4 Nc6 13. 0-0 Bd7 14. c4 dxc4 15. Qxc4 Rc8 16. Rac1 Qd8 17. Qb3 Bxh4 18. d5 exd5 19. Qxd5 Bg5 20. Bb5 Ne7 21. Rxc8 1/2-1/2

[Event "FRA-ch Seniors"]
[Site "Aix les Bains"]
[Date "2007.08.23"]
[Round "9"]
[White "Dubreuil, Remy"]
[Black "Mengus, Charles"]
[Result "0-1"]
[WhiteElo "2004"]
[BlackElo "1878"]
[PlyCount "50"]
[EventDate "2007.08.13"]
[EventType "swiss"]
[EventRounds "11"]
[EventCountry "FRA"]
[SourceTitle "CBM 120 Extra"]
[Source "ChessBase"]
[SourceDate "2007.11.01"]
[SourceVersion "1"]
[SourceVersionDate "2007.11.01"]
[SourceQuality "1"]

1. e4 e5 2. Nf3 Nc6 3. Bb5 a6 4. Ba4 Nf6 5. 0-0 Be7 6. Re1 b5 7. Bb3 0-0 8. c3 d5 9. exd5 e4 10. dxc6 exf3 11. d4 Bd6 12. g3 Re8 13. Bg5 Bg4 14. Rxe8+ Qxe8 15. Bxf6 gxf6 16. Nd2 Qxc6 17. Nf1 Re8 18. Qd3 Bh5 19. Bd1 Qd5 20. Ne3 Qg5 21. Bc2 Bg6 22. Qd2 f5 23. Bd3 f4 24. Nc2 Qg4 25. Bf1 fxg3 0-1

[Event "FRA-ch Seniors"]
[Site "Aix les Bains"]
[Date "2007.08.16"]
[Round "3"]
[White "Dubreuil, Remy"]
[Black "Molet, Asher"]
[Result "1-0"]
[WhiteElo "2004"]
[BlackElo "1924"]
[PlyCount "59"]
[EventDate "2007.08.13"]
[EventType "swiss"]
[EventRounds "11"]
[EventCountry "FRA"]
[SourceTitle "CBM 120 Extra"]
[Source "ChessBase"]
[SourceDate "2007.11.01"]
[SourceVersion "1"]
[SourceVersionDate "2007.11.01"]
[SourceQuality "1"]

1. e4 c5 2. Nf3 Nc6 3. d4 cxd4 4. Nxd4 Nf6 5. Nc3 e5 6. Ndb5 d6 7. Bg5 a6 8. Bxf6 gxf6 9. Na3 b5 10. Nd5 f5 11. exf5 Bxf5 12. c3 Bg7 13. Nc2 0-0 14. Nce3 Be6 15. g4 Ne7 16. Nxe7+ Qxe7 17. Bg2 Rad8 18. Bd5 Qh4 19. Qf3 Bh6 20. 0-0-0 Kh8 21. h3 a5 22. Kb1 Bxe3 23. fxe3 Rb8 24. Rhf1 Kg7 25. g5 Qxh3 26. Qf6+ Kg8 27. Be4 Qh4 28. Bc2 Bh3 29. Rh1 e4 30. Rh2 1-0

[Event "Creon op 8th"]
[Site "Creon"]
[Date "2003.07.28"]
[Round "1"]
[White "Dubreuil, Remy"]
[Black "Cornette, Matthieu"]
[Result "0-1"]
[WhiteElo "2045"]
[BlackElo "2366"]
[PlyCount "72"]
[EventDate "2003.07.28"]
[EventType "swiss"]
[EventRounds "9"]
[EventCountry "FRA"]
[SourceTitle "CBM 095 Extra"]
[Source "ChessBase"]
[SourceDate "2003.09.04"]
[SourceVersion "1"]
[SourceVersionDate "2003.09.04"]
[SourceQuality "1"]

1. e4 Nf6 2. e5 Nd5 3. d4 d6 4. c4 Nb6 5. exd6 cxd6 6. Nc3 g6 7. h3 Bg7 8. Nf3 0-0 9. Be2 Nc6 10. 0-0 Bf5 11. Be3 d5 12. b3 dxc4 13. bxc4 Na5 14. c5 Nd5 15. Nxd5 Qxd5 16. Qa4 b6 17. Rad1 Be6 18. Rd2 Qb7 19. Rb1 Bf5 20. Rc1 Be4 21. Ne1 Rfd8 22. Bf3 Rac8 23. d5 Bxf3 24. Nxf3 Qa6 25. c6 b5 26. Qa3 Bf8 27. Bc5 Bh6 28. Rcd1 Bxd2 29. Rxd2 e6 30. Bb4 Rxd5 31. Bxa5 Qxc6 32. Bb4 Qc4 33. Rxd5 exd5 34. Qa5 d4 35. a3 d3 36. Qxa7 Qc1+ 0-1

[Event "FRA-ch Veterans"]
[Site "Val d'Isere"]
[Date "2002.08.??"]
[Round "3.5"]
[White "Dubreuil, Remy"]
[Black "Mercier, Pierre"]
[Result "1/2-1/2"]
[WhiteElo "2053"]
[BlackElo "1790"]
[PlyCount "74"]
[EventDate "2002.08.20"]
[EventType "swiss"]
[EventRounds "11"]
[EventCountry "FRA"]
[SourceTitle "EXT 2003"]
[Source "ChessBase"]
[SourceDate "2002.11.25"]
[SourceVersion "1"]
[SourceVersionDate "2002.11.25"]
[SourceQuality "1"]

1. e4 c5 2. Nf3 d6 3. d4 cxd4 4. Nxd4 Nf6 5. Nc3 a6 6. Be2 e5 7. Nb3 Be7 8. 0-0 0-0 9. f4 Qc7 10. f5 b5 11. Bg5 Bb7 12. Bf3 Nbd7 13. Qe2 Rac8 14. Rac1 b4 15. Nd1 a5 16. c4 a4 17. Nd2 Nc5 18. Nf2 Ba6 19. b3 h6 20. Be3 Rfe8 21. Kh1 Qd7 22. Rcd1 Qc7 23. Rg1 Bb7 24. Bxc5 dxc5 25. Nf1 axb3 26. axb3 Red8 27. Rxd8+ Rxd8 28. Ne3 Rd4 29. Nc2 Rd6 30. Rf1 Qd8 31. Ne3 Rd4 32. Nd5 Bd6 33. g3 Kf8 34. Qe3 Bxd5 35. cxd5 Qa5 36. Ng4 Nxg4 37. Bxg4 f6 1/2-1/2

[Event "FRA-ch Veterans"]
[Site "Val d'Isere"]
[Date "2002.08.??"]
[Round "8.2"]
[White "Weill, Roland"]
[Black "Dubreuil, Remy"]
[Result "1-0"]
[WhiteElo "2251"]
[BlackElo "2053"]
[PlyCount "59"]
[EventDate "2002.08.20"]
[EventType "swiss"]
[EventRounds "11"]
[EventCountry "FRA"]
[SourceTitle "EXT 2003"]
[Source "ChessBase"]
[SourceDate "2002.11.25"]
[SourceVersion "1"]
[SourceVersionDate "2002.11.25"]
[SourceQuality "1"]

1. e4 g6 2. d4 Bg7 3. Nc3 d6 4. Nf3 c6 5. Be3 Nf6 6. Be2 0-0 7. 0-0 b5 8. e5 Ne8 9. Ne4 a6 10. Re1 Nd7 11. Nxd6 Nxd6 12. exd6 exd6 13. Qd2 Nf6 14. Bg5 Be6 15. Qf4 Re8 16. Qh4 Bd5 17. Nd2 c5 18. c3 Ra7 19. Bf3 Rxe1+ 20. Rxe1 Bxf3 21. Nxf3 Re7 22. Rd1 Re2 23. dxc5 d5 24. c6 Re8 25. c7 Qd6 26. Qf4 Qe6 27. h3 Ne4 28. Bd8 Qc6 29. Ne1 Nd6 30. Qd2 1-0